Làng xã ở Châu á và Việt Nam

Saved in:
Bibliographic Details
Main Author: Mạc Đường
Format: Book
Language:Undetermined
Published: Tp. HCM Nxb. Tp. HCM 1995
Subjects:
Tags: Add Tag
No Tags, Be the first to tag this record!
Institutions: Trung tâm Học liệu Trường Đại học Cần Thơ
LEADER 00598nam a2200181Ia 4500
001 CTU_5526
008 210402s9999 xx 000 0 und d
082 |a 300.95 
082 |b Đ561 
100 |a Mạc Đường 
245 0 |a Làng xã ở Châu á và Việt Nam 
245 0 |c Mạc Đường 
260 |a Tp. HCM 
260 |b Nxb. Tp. HCM 
260 |c 1995 
650 |a rural conditions,rural development - vietnam,social sciences,villages - asia,villages - vietnam 
904 |i Nguyễn Quang Điền, 960722 
980 |a Trung tâm Học liệu Trường Đại học Cần Thơ